Wszyscy goście w piosenkach Bedoesa. - Statystyki

Ogólne statystyki
  • Ten quiz został rozwiązany 39 razy
    15 od ostatniego zresetowania
  • Średni wynik to 17 z 23
Statystyki odpowiedzi
Piosenka Wykonawca % Poprawnych
Hymn, Gady, Sauvage, Wędrowiec Nad Morzem Mgły / Białas
100%
Toy Story Rafonix
100%
Mercedes GLE Coupé, Playboy (dla Lanka) Blacha
92%
Chłopaki nie płaczą, Sauvage Taco Hemingway
92%
Jon Snow, Wschód (lubię zapierdalać) White 2115
92%
Mercedes GLE Coupé, Hardcore Pleasure, Gretzkii / Flexxy 2115
83%
Papito, Mercedes GLE Coupé, Łzy (pierwszy kawałek na płycie), Hardcore Pleasure, Moi Ludzie / Kuqe 2115
83%
Nawiedzony Dom / Szpaku
83%
Delfin Young Multi
83%
Gady Eldo
75%
Delfin Koldi
75%
Fresh Prince (trill 4ever) Malik Montana
75%
Polaco (to też) Mr. Polska
75%
Hymn, Givenchy Solar
75%
Raz, Delfin Beteo
67%
Janosik Golec uOrkiestra
67%
Wschód (lubię zapierdalać) Kosa
67%
Rewolucja Romantyczna, Bukiet Białych Róż (SQUADSHIT #13) / Blu
58%
Moi Ludzie / Eis
58%
Michelangelo Pressa
58%
Brzydkie Rzeczy DJ Johny
50%
Typie Reto
50%
Fendi (poznaliśmy się w studio) Smxkey Nunno
8%
Nie znaleziono quizów pasujących do podanych kryteriów
Rozkład punktacji
Procent ludzi z każdym wynikiem
Percentyl według liczby udzielonych odpowiedzi
Twoja historia wyników
Nie rozwiązałeś tego quizu od ostatniego zresetowania